| 000 | 005580000a22001690004500 | ||
|---|---|---|---|
| 090 |
_aAR _b00562 |
||
| 245 | 1 | 0 | _aSoil carbon, nutrients, and mycorrhizae during conversion of dry tropical forest to grassland |
| 650 | 1 | 4 |
_aDinámicas de nutrientes _993617 |
| 650 | 1 | 4 |
_aBosques secos tropicales _992782 |
| 650 | 1 | 4 |
_aIncendios forestales _992901 |
| 650 | 1 | 4 |
_aMicorrizas _993270 |
| 041 | 0 | _aInglés | |
| 700 | 1 |
_aWedin, David A. _993618 |
|
| 100 | 1 |
_aJohnson, Nancy C. _993619 |
|
| 942 | _cARTICULO | ||
| 773 | 1 |
_tEcological Applications _3153 _h1 _q171-182 _d1997 _g7 |
|
| 999 |
_c9655 _d9655 |
||